<?xml version="1.0" encoding="UTF-8"?>
<record
    xmlns:xsi="http://www.w3.org/2001/XMLSchema-instance"
    xsi:schemaLocation="http://www.loc.gov/MARC21/slim http://www.loc.gov/standards/marcxml/schema/MARC21slim.xsd"
    xmlns="http://www.loc.gov/MARC21/slim">

  <leader>00844nam a22001577a 4500</leader>
  <controlfield tag="003">OSt</controlfield>
  <controlfield tag="005">20151020141830.0</controlfield>
  <controlfield tag="008">151020b        xxu||||| |||| 00| 0 eng d</controlfield>
  <datafield tag="040" ind1=" " ind2=" ">
    <subfield code="c">RUA </subfield>
  </datafield>
  <datafield tag="082" ind1=" " ind2=" ">
    <subfield code="a">AVM SAM 2010 B092 Or.1</subfield>
  </datafield>
  <datafield tag="100" ind1=" " ind2=" ">
    <subfield code="9">2511</subfield>
    <subfield code="a">SAM SEDA</subfield>
  </datafield>
  <datafield tag="245" ind1=" " ind2=" ">
    <subfield code="a">Studyon growth rate of avian broiler by adding marigold (calendula officinalis) leaves on c.p feed at royal university of agricultue, (&#x1780;&#x17B6;&#x179A;&#x179F;&#x17B7;&#x1780;&#x17D2;&#x179F;&#x17B6;&#x179B;&#x17BE;&#x1780;&#x17B6;&#x179A;&#x1794;&#x1793;&#x17D2;&#x1790;&#x17C2;&#x1798;&#x179F;&#x17D2;&#x179B;&#x17B9;&#x1780;&#x179F;&#x17D2;&#x1794;&#x17C3;&#x179A;&#x17BF;&#x1784;&#x179F;&#x17D2;&#x179A;&#x179F;&#x17CB; (&#x17A2;&#x1793;&#x17D2;&#x179B;&#x1780;&#x17CB;) &#x1791;&#x17C5;&#x179B;&#x17BE;&#x1780;&#x17B6;&#x179A;&#x179B;&#x17BC;&#x178F;&#x179B;&#x17B6;&#x179F;&#x17CB;&#x179A;&#x1794;&#x179F;&#x17CB;&#x1796;&#x17BC;&#x1787;&#x1798;&#x17B6;&#x1793;&#x17CB; AVIAN &#x1791;&#x17C5;&#x179B;&#x17BE;&#x1785;&#x17C6;&#x178E;&#x17B8;&#x200B; &#x179F;&#x17CA;&#x17B8;.&#x1797;&#x17B8; &#x1793;&#x17C5;&#x179F;&#x17B6;&#x1780;&#x179B;&#x179C;&#x17B7;&#x1791;&#x17D2;&#x1799;&#x17B6;&#x179B;&#x17D0;&#x1799;&#x1797;&#x17BC;&#x1798;&#x17B7;&#x1793;&#x17D2;&#x1791;&#x1780;&#x179F;&#x17B7;&#x1780;&#x1798;&#x17D2;&#x1798;)</subfield>
  </datafield>
  <datafield tag="260" ind1=" " ind2=" ">
    <subfield code="a">phnom penh </subfield>
    <subfield code="b">rua </subfield>
    <subfield code="c">2010</subfield>
  </datafield>
  <datafield tag="300" ind1=" " ind2=" ">
    <subfield code="a">x, 37p.</subfield>
    <subfield code="b">ill.</subfield>
    <subfield code="c">29cm.</subfield>
  </datafield>
  <datafield tag="942" ind1=" " ind2=" ">
    <subfield code="2">ddc</subfield>
    <subfield code="c">AVM</subfield>
  </datafield>
  <datafield tag="999" ind1=" " ind2=" ">
    <subfield code="c">2366</subfield>
    <subfield code="d">2366</subfield>
  </datafield>
  <datafield tag="952" ind1=" " ind2=" ">
    <subfield code="0">0</subfield>
    <subfield code="1">0</subfield>
    <subfield code="2">ddc</subfield>
    <subfield code="4">0</subfield>
    <subfield code="6">AVM_SAM_2010_000000000000000_B092_OR_1</subfield>
    <subfield code="7">0</subfield>
    <subfield code="9">10394</subfield>
    <subfield code="a">LBB</subfield>
    <subfield code="b">LBB</subfield>
    <subfield code="c">B092</subfield>
    <subfield code="d">2015-10-20</subfield>
    <subfield code="o">AVM SAM 2010 B092 Or.1</subfield>
    <subfield code="p">RUA019296</subfield>
    <subfield code="r">2015-10-20</subfield>
    <subfield code="w">2015-10-20</subfield>
    <subfield code="y">AVM</subfield>
  </datafield>
  <datafield tag="952" ind1=" " ind2=" ">
    <subfield code="0">0</subfield>
    <subfield code="1">0</subfield>
    <subfield code="2">ddc</subfield>
    <subfield code="4">0</subfield>
    <subfield code="6">AVM_SAM_2010_000000000000000_B092_OR_2</subfield>
    <subfield code="7">0</subfield>
    <subfield code="9">10395</subfield>
    <subfield code="a">LBB</subfield>
    <subfield code="b">LBB</subfield>
    <subfield code="c">B092</subfield>
    <subfield code="d">2015-10-20</subfield>
    <subfield code="o">AVM SAM 2010 B092 Or.2</subfield>
    <subfield code="p">RUA019224</subfield>
    <subfield code="r">2015-10-20</subfield>
    <subfield code="w">2015-10-20</subfield>
    <subfield code="y">AVM</subfield>
  </datafield>
  <datafield tag="952" ind1=" " ind2=" ">
    <subfield code="0">0</subfield>
    <subfield code="1">0</subfield>
    <subfield code="2">ddc</subfield>
    <subfield code="4">0</subfield>
    <subfield code="6">AVM_SAM_2010_000000000000000_B092_OR_3</subfield>
    <subfield code="7">0</subfield>
    <subfield code="9">10396</subfield>
    <subfield code="a">LBB</subfield>
    <subfield code="b">LBB</subfield>
    <subfield code="c">B092</subfield>
    <subfield code="d">2015-10-20</subfield>
    <subfield code="o">AVM SAM 2010 B092 Or.3</subfield>
    <subfield code="p">RUA015317</subfield>
    <subfield code="r">2015-10-20</subfield>
    <subfield code="w">2015-10-20</subfield>
    <subfield code="y">AVM</subfield>
  </datafield>
  <datafield tag="952" ind1=" " ind2=" ">
    <subfield code="0">0</subfield>
    <subfield code="1">0</subfield>
    <subfield code="2">ddc</subfield>
    <subfield code="4">0</subfield>
    <subfield code="6">AVM_SAM_2010_000000000000000_B092_OR_4</subfield>
    <subfield code="7">0</subfield>
    <subfield code="9">10397</subfield>
    <subfield code="a">LBB</subfield>
    <subfield code="b">LBB</subfield>
    <subfield code="c">B092</subfield>
    <subfield code="d">2015-10-20</subfield>
    <subfield code="o">AVM SAM 2010 B092 Or.4</subfield>
    <subfield code="p">RUA016240</subfield>
    <subfield code="r">2015-10-20</subfield>
    <subfield code="w">2015-10-20</subfield>
    <subfield code="y">AVM</subfield>
  </datafield>
  <datafield tag="952" ind1=" " ind2=" ">
    <subfield code="0">0</subfield>
    <subfield code="1">0</subfield>
    <subfield code="2">ddc</subfield>
    <subfield code="4">0</subfield>
    <subfield code="6">AVM_SAM_2010_000000000000000_B092_OR_6</subfield>
    <subfield code="7">0</subfield>
    <subfield code="9">10399</subfield>
    <subfield code="a">LBB</subfield>
    <subfield code="b">LBB</subfield>
    <subfield code="c">B092</subfield>
    <subfield code="d">2015-10-20</subfield>
    <subfield code="o">AVM SAM 2010 B092 Or.6</subfield>
    <subfield code="p">RUA015546</subfield>
    <subfield code="r">2015-10-20</subfield>
    <subfield code="w">2015-10-20</subfield>
    <subfield code="y">AVM</subfield>
  </datafield>
  <datafield tag="952" ind1=" " ind2=" ">
    <subfield code="0">0</subfield>
    <subfield code="1">0</subfield>
    <subfield code="2">ddc</subfield>
    <subfield code="4">0</subfield>
    <subfield code="6">AVM_SAM_2010_000000000000000_B092_OR_7</subfield>
    <subfield code="7">0</subfield>
    <subfield code="9">10400</subfield>
    <subfield code="a">LBB</subfield>
    <subfield code="b">LBB</subfield>
    <subfield code="c">B092</subfield>
    <subfield code="d">2015-10-20</subfield>
    <subfield code="o">AVM SAM 2010 B092 Or.7</subfield>
    <subfield code="p">RUA015315</subfield>
    <subfield code="r">2015-10-20</subfield>
    <subfield code="w">2015-10-20</subfield>
    <subfield code="y">AVM</subfield>
  </datafield>
  <datafield tag="952" ind1=" " ind2=" ">
    <subfield code="0">0</subfield>
    <subfield code="1">0</subfield>
    <subfield code="2">ddc</subfield>
    <subfield code="4">0</subfield>
    <subfield code="6">AVM_SAM_2010_000000000000000_B092_OR_8</subfield>
    <subfield code="7">0</subfield>
    <subfield code="9">10401</subfield>
    <subfield code="a">LBB</subfield>
    <subfield code="b">LBB</subfield>
    <subfield code="c">B092</subfield>
    <subfield code="d">2015-10-20</subfield>
    <subfield code="o">AVM SAM 2010 B092 Or.8</subfield>
    <subfield code="p">RUA015618</subfield>
    <subfield code="r">2015-10-20</subfield>
    <subfield code="w">2015-10-20</subfield>
    <subfield code="y">AVM</subfield>
  </datafield>
  <datafield tag="952" ind1=" " ind2=" ">
    <subfield code="0">0</subfield>
    <subfield code="1">0</subfield>
    <subfield code="2">ddc</subfield>
    <subfield code="4">0</subfield>
    <subfield code="6">AVM_SAM_2010_000000000000000_B1_234_OR_1</subfield>
    <subfield code="7">0</subfield>
    <subfield code="9">78811</subfield>
    <subfield code="a">LBB</subfield>
    <subfield code="b">LBB</subfield>
    <subfield code="c">B1.234</subfield>
    <subfield code="d">2019-05-27</subfield>
    <subfield code="o">AVM SAM 2010 B1.234 Or.1</subfield>
    <subfield code="p">A37711</subfield>
    <subfield code="r">2019-05-27</subfield>
    <subfield code="w">2019-05-27</subfield>
    <subfield code="y">AVM</subfield>
  </datafield>
  <datafield tag="952" ind1=" " ind2=" ">
    <subfield code="0">0</subfield>
    <subfield code="1">0</subfield>
    <subfield code="2">ddc</subfield>
    <subfield code="4">0</subfield>
    <subfield code="6">AVM_SAM_2010_000000000000000_B1_234_OR_1</subfield>
    <subfield code="7">0</subfield>
    <subfield code="9">78812</subfield>
    <subfield code="a">LBB</subfield>
    <subfield code="b">LBB</subfield>
    <subfield code="c">B1.234</subfield>
    <subfield code="d">2019-05-27</subfield>
    <subfield code="o">AVM SAM 2010 B1.234 Or.1</subfield>
    <subfield code="p">A37712</subfield>
    <subfield code="r">2019-05-27</subfield>
    <subfield code="w">2019-05-27</subfield>
    <subfield code="y">AVM</subfield>
  </datafield>
</record>
